| 000 | 00467pab a2200157 454500 | ||
|---|---|---|---|
| 008 | 180718b1989 xxu||||| |||| 00| 0 eng d | ||
| 100 | _aBuyers, Kathleen M. | ||
| 245 |
_aThe Microelectronics and computer Technology Corporation _bAn assessment from market and public policy perspectives |
||
| 260 | _c1989 | ||
| 300 | _a101-27 | ||
| 362 | _aMay | ||
| 650 | _aComputers - U.S.A. | ||
| 700 | _aDavid R. Palmer | ||
| 773 | _aAdministration and Society | ||
| 909 | _a6499 | ||
| 999 |
_c6499 _d6499 |
||